[Event "Muscat-ch op"]
[Site "Muscat"]
[Date "2024.12.27"]
[Round "2"]
[White "Anas, Khwaira"]
[Black "Al Hasani, Thabit"]
[Result "1-0"]
[WhiteElo "2076"]
[BlackElo "1714"]
[PlyCount "69"]
[EventDate "2024.12.26"]
[EventType "swiss"]
[EventRounds "9"]
[EventCountry "OMN"]
[SourceTitle "CB01_2025"]
[SourceDate "2025.01.01"]
[SourceVersion "1"]
[SourceVersionDate "2025.01.01"]
[SourceQuality "1"]

1. d4 d5 2. c4 c6 3. Nf3 Nf6 4. e3 Bf5 5. Nc3 e6 6. Nh4 Bg6 7. Be2 Bd6 8. 0-0 Ne4 9. g3 Nd7 10. Nxg6 Nxc3 11. bxc3 hxg6 12. cxd5 cxd5 13. c4 dxc4 14. Bxc4 0-0 15. Rb1 Nb6 16. Bb3 Be7 17. Qf3 Rb8 18. h4 Nd5 19. e4 Nf6 20. Bf4 Rc8 21. Rfd1 Qa5 22. d5 exd5 23. e5 Nh5 24. Rxd5 Qc3 25. Qxc3 Rxc3 26. Bd2 Rc7 27. g4 Bxh4 28. gxh5 gxh5 29. Be3 b6 30. e6 g6 31. exf7+ Rcxf7 32. Rd7 Kg7 33. Bd4+ Bf6 34. Bxf6+ Kxf6 35. Rxf7+ 1-0

[Event "OMA-ch Clubs 7th"]
[Site "Muscat"]
[Date "2024.07.17"]
[Round "8.2"]
[White "Al Busaidi, Hamood"]
[Black "Al Hasani, Thabit"]
[Result "1-0"]
[WhiteElo "1844"]
[BlackElo "1620"]
[PlyCount "113"]
[EventDate "2024.07.11"]
[EventType "team-swiss"]
[EventRounds "9"]
[EventCountry "OMN"]
[SourceTitle "EXT 2025"]
[Source "ChessBase"]
[SourceDate "2024.10.14"]
[SourceVersion "1"]
[SourceVersionDate "2024.10.14"]
[SourceQuality "1"]
[WhiteTeam "Salalah"]
[BlackTeam "Al Nahda II"]
[WhiteTeamCountry "OMN"]
[BlackTeamCountry "OMN"]

1. c4 c6 2. d4 d5 3. Nf3 h6 4. Nc3 Nf6 5. g3 Bf5 6. Bg2 e6 7. 0-0 Bd6 8. Re1 0-0 9. Qb3 b6 10. Nh4 Bh7 11. cxd5 cxd5 12. Nb5 Nc6 13. Be3 Rc8 14. Rac1 Bb8 15. Nf3 a6 16. Na3 b5 17. Bd2 Bd6 18. Nb1 Ne4 19. a3 Nxd2 20. Nbxd2 Qb6 21. e3 Rc7 22. Qa2 Na5 23. b4 Nc4 24. Nb3 Rfc8 25. Nc5 g5 26. h4 Be7 27. hxg5 hxg5 28. Ra1 Ra7 29. Qb3 f5 30. Qc3 Rc6 31. Bf1 g4 32. Bxc4 gxf3 33. Bb3 Bg6 34. Qd3 Kf7 35. Qf1 Bf6 36. Qh3 Ra8 37. Qh1 Rh8 38. Qxf3 Bh5 39. Qf4 Qd8 40. Bd1 Bg5 41. Bxh5+ Rxh5 42. Qf3 Qh8 43. Kf1 Ke7 44. Ke2 Rc7 45. Rh1 Rh7 46. Rxh7+ Qxh7 47. Rh1 Qg7 48. Qh5 Kd6 49. Qe8 Qe7 50. Qb8 e5 51. Rh5 exd4 52. Rxg5 Qxg5 53. Qxc7+ Kxc7 54. Ne6+ Kd6 55. Nxg5 dxe3 56. Kxe3 Ke5 57. f4+ 1-0

[Event "OMA-ch Clubs 7th"]
[Site "Muscat"]
[Date "2024.07.12"]
[Round "2.2"]
[White "Al Hasani, Thabit"]
[Black "Al Jahwari, Adnan Mohammed"]
[Result "1-0"]
[WhiteElo "1620"]
[BlackElo "1727"]
[PlyCount "99"]
[EventDate "2024.07.11"]
[EventType "team-swiss"]
[EventRounds "9"]
[EventCountry "OMN"]
[SourceTitle "EXT 2025"]
[Source "ChessBase"]
[SourceDate "2024.10.14"]
[SourceVersion "1"]
[SourceVersionDate "2024.10.14"]
[SourceQuality "1"]
[WhiteTeam "Al Nahda II"]
[BlackTeam "Masirah Blue"]
[WhiteTeamCountry "OMN"]
[BlackTeamCountry "OMN"]

1. e4 c5 2. Nf3 d6 3. h3 g6 4. c3 Bg7 5. d4 cxd4 6. cxd4 Nf6 7. Nc3 0-0 8. Bd3 a6 9. a3 b5 10. Be3 Bb7 11. 0-0 Nbd7 12. Rc1 Rc8 13. Qd2 Nb6 14. b3 Re8 15. Rc2 e6 16. Rfc1 Nbd7 17. Ne1 Qa5 18. a4 b4 19. Na2 Rxc2 20. Qxc2 Rc8 21. Qb1 Rxc1 22. Bxc1 Qb6 23. Be3 a5 24. Qc2 Qd8 25. f3 h5 26. Bg5 Qb6 27. Be3 Nh7 28. Qf2 Qc7 29. Qc2 Qd8 30. Bb5 Nb8 31. Nc1 Nf6 32. Bg5 Qb6 33. Be3 Nfd7 34. Qf2 Qc7 35. Qd2 Nc6 36. Qc2 Qb6 37. Qf2 Qd8 38. Qd2 Ndb8 39. Kf1 Qf6 40. Nc2 Qd8 41. Qd3 Ne7 42. Ne2 f5 43. Nf4 Kf7 44. d5 e5 45. Ne6 Qc8 46. Bc4 f4 47. Bb6 Bf6 48. Bxa5 Ba6 49. Bxb4 Qb7 50. Nd8+ 1-0